| 000 | 00878nac a22002291u 4500 | ||
|---|---|---|---|
| 082 |
_a603 _bWAH |
||
| 090 |
_c6255 _d6255 |
||
| 100 | _aAbd-El-Wahed, Anwar Ma | ||
| 245 |
_aTechnical dictionary. Metal forming: _bEnglish-French-German-Arabic/ _cCompiled and Revised by Anwar Mahmoud Abd-el-Wahed |
||
| 260 |
_aLeipzig; Cairo: _bAl-Ahram,1978 _c1978 |
||
| 300 |
_a133,253p.: _bill.; _c23 cm. |
||
| 440 | _aal-maajim al Technolozhiya Al Takhasusiyah | ||
| 500 | _adistributer: Al-Ahram | ||
| 511 | _acatalogued by: wessam | ||
| 650 |
_aProduction engineering _v Dictionaries |
||
| 650 |
_aMetal-work _v Dictionaries |
||
| 650 |
_aTechnology _xDictionaries Arabic |
||
| 650 |
_aTechnology _vDictionaries French |
||
| 650 |
_aTechnology _vDictionaries German |
||
| 942 |
_cNB _k603 WAH |
||
| 999 |
_c6255 _d6255 |
||